[Event "Troy (TCC Res/2/1)"]
[Site "?"]
[Date "1995.??.??"]
[Round "?"]
[White "Barta, Roger"]
[Black "Johnson, D."]
[Result "1-0"]
[WhiteElo "1605"]
[BlackElo "1780"]
[PlyCount "59"]
[EventDate "1995.??.??"]

{2/(1)} 1. e4 c5 2. Nc3 Nc6 3. g3 g6 4. Bg2 Bg7 5. d3 d6 6. f4 Nf6 7. Nf3 O-O
8. h3 Bd7 9. Be3 Rb8 10. Qd2 Re8 11. O-O b5 12. Nh4 e6 13. f5 exf5 14. exf5
gxf5 15. Nxf5 Bxf5 16. Rxf5 Nd4 17. Bxd4 cxd4 18. Nxb5 a6 19. Nxd4 Rxb2 20. Nb3
Qc7 21. Rf2 Nh5 22. Bd5 Nf6 23. Qg5 Re5 24. Qc1 Nxd5 25. d4 Rxb3 26. cxb3 Qxc1+
27. Rxc1 Re4 28. Kg2 Bxd4 29. Rf3 Re2+ 30. Kh1 1-0

[Event "Troy (US Am N/2/33)"]
[Site "?"]
[Date "1995.??.??"]
[Round "?"]
[White "Barta, Roger"]
[Black "Dumas, Steve"]
[Result "1-0"]
[WhiteElo "1605"]
[BlackElo "1605"]
[PlyCount "59"]
[EventDate "1995.??.??"]

{2/(33)} 1. e4 e5 2. Nf3 f5 3. d4 fxe4 4. Nxe5 d6 5. Qh5+ g6 6. Nxg6 Nf6 7. Qh4
hxg6 8. Qxh8 Qe7 9. Bg5 Nbd7 10. Nc3 c6 11. O-O-O a6 12. d5 Qf7 13. dxc6 bxc6
14. Qh4 d5 15. Be2 Bg7 16. f3 Ne5 17. fxe4 Be6 18. Rhf1 Bg4 19. Bxg4 Nexg4 20.
e5 Nxe5 21. Bxf6 Bxf6 22. Rxf6 Qg7 23. Re1 O-O-O 24. Rxe5 d4 25. Rxc6+ Kd7 26.
Rd5+ Kxc6 27. Qxd8 Qh6+ 28. Kb1 dxc3 29. Qd6+ Kb7 30. Rc5 1-0

[Event "Troy (US Am N/3/16)"]
[Site "?"]
[Date "1995.??.??"]
[Round "?"]
[White "Barta, Roger"]
[Black "Calton, David A"]
[Result "1/2-1/2"]
[WhiteElo "1605"]
[BlackElo "2000"]
[PlyCount "107"]
[EventDate "1995.??.??"]

{3/(16)} 1. e4 d6 2. d4 g6 3. Nc3 Bg7 4. f4 f5 5. e5 dxe5 6. fxe5 e6 7. Nf3 Ne7
8. Bg5 h6 9. Bh4 g5 10. Bf2 c6 11. Bd3 O-O 12. Qd2 Nd5 13. Nxd5 cxd5 14. c3 b6
15. h4 g4 16. Nh2 Ba6 17. Nf1 Bxd3 18. Qxd3 Nc6 19. Nd2 Rc8 20. O-O Na5 21. g3
Qc7 22. Be3 Nc4 23. Nxc4 Qxc4 24. Qxc4 Rxc4 25. Rfc1 Rfc8 26. Kf2 Bf8 27. Ke2
b5 28. Bd2 a5 29. Kd3 Kf7 30. h5 Ke7 31. a3 Kf7 32. b3 R4c6 33. b4 a4 34. Rab1
Kg7 35. Rb2 Be7 36. Rbc2 Bg5 37. Bf4 Kh7 38. Ke3 Rc4 39. Kd3 R4c6 40. Ke3 R6c7
41. Kd3 Bxf4 42. gxf4 Rg7 43. Ke3 Rcg8 44. Rg1 g3 45. Rcg2 Rg4 46. Rh1 Rc8 47.
Kd3 Rc7 48. Rh3 Rcg7 49. Ke3 Rg8 50. Kd3 R8g7 51. Ke3 Kg8 52. Kf3 Rc7 53. Rgxg3
Rxc3+ 54. Kg2 1/2-1/2

[Event "Troy (US Am N/6/11)"]
[Site "?"]
[Date "1995.??.??"]
[Round "?"]
[White "Barta, Roger"]
[Black "Bee, A."]
[Result "1/2-1/2"]
[WhiteElo "1605"]
[BlackElo "1870"]
[PlyCount "129"]
[EventDate "1995.??.??"]

{6/(11)} 1. e4 c6 2. d4 d5 3. e5 Bf5 4. Bd3 Bxd3 5. Qxd3 e6 6. Ne2 c5 7. c3 Ne7
8. O-O Ng6 9. f4 cxd4 10. cxd4 Ne7 11. Nbc3 a6 12. b3 Nbc6 13. Ba3 b5 14. Bc5
g6 15. g4 h5 16. gxh5 Rxh5 17. Ng3 Rh8 18. Rf3 Nf5 19. Nxf5 gxf5 20. Bxf8 Rxf8
21. Kh1 Rc8 22. Rg1 Qb6 23. Ne2 Nb4 24. Qd2 a5 25. Rc3 Ke7 26. Rgc1 Kd7 27.
Rxc8 Rxc8 28. Rxc8 Kxc8 29. h4 Qd8 30. Qc3+ Kd7 31. Qg3 Qh8 32. Qg5 Nc6 33. h5
b4 34. h6 Ne7 35. Qg7 Qxg7 36. hxg7 Ng8 37. Ng3 f6 38. Nh5 fxe5 39. fxe5 Ke7
40. Kg2 Kf7 41. Kg3 Kg6 42. Nf4+ Kf7 43. Kh4 Ne7 44. Kg5 Kxg7 45. Nxe6+ Kf7 46.
Nf4 Nc6 47. e6+ Ke7 48. Kxf5 Nxd4+ 49. Ke5 Nb5 50. Nxd5+ Ke8 51. Kf6 Nd6 52. e7
Kd7 53. Nb6+ Ke8 54. Ke6 Ne4 55. Nd5 Ng5+ 56. Kd6 Nf7+ 57. Kc5 a4 58. bxa4 Kd7
59. Kb6 Nd6 60. Kc5 Nc8 61. Kxb4 Nxe7 62. Nxe7 Kxe7 63. Kc5 Kd7 64. Kb6 Kc8 65.
Ka7 1/2-1/2

[Event "Jackson (Prison m)"]
[Site "?"]
[Date "1995.??.??"]
[Round "?"]
[White "Barnes"]
[Black "Smalec, John"]
[Result "1-0"]
[WhiteElo "1605"]
[BlackElo "1705"]
[PlyCount "89"]
[EventDate "1995.??.??"]

1. e4 e6 2. c3 d5 3. Nf3 dxe4 4. Qa4+ Bd7 5. Qxe4 Nc6 6. d4 Nf6 7. Qe2 Be7 8.
h3 O-O 9. Be3 Nd5 10. Bd2 f5 11. Qd3 Qe8 12. g3 f4 13. g4 Rd8 14. Bg2 Bf6 15.
Qe2 Qg6 16. Bc1 e5 17. O-O e4 18. Qc4 Be6 19. Ne5 Nxe5 20. dxe5 Bxe5 21. Bxe4
Qh6 22. Bg2 Qh4 23. Qe4 Qf6 24. Nd2 Bd6 25. Nf3 Rde8 26. Bd2 Bf7 27. Qd3 Re7
28. Rae1 Rfe8 29. Rxe7 Rxe7 30. h4 Qg6 31. Qxg6 Bxg6 32. Ng5 c6 33. Nh3 Be4 34.
Rd1 f3 35. Bf1 h6 36. Bc4 Kf8 37. Bxd5 Bxd5 38. Bf4 Bxf4 39. Nxf4 Kf7 40. Nxd5
cxd5 41. Rxd5 g6 42. Kh2 Re2 43. Rd7+ Ke6 44. Rxb7 Rxf2+ 45. Kg3 1-0

[Event "East Lansing (Beg/4/5)"]
[Site "?"]
[Date "1995.??.??"]
[Round "?"]
[White "Banks, David"]
[Black "McAllister, Don"]
[Result "1-0"]
[WhiteElo "1605"]
[BlackElo "1605"]
[PlyCount "87"]
[EventDate "1995.??.??"]

{4/(5)} 1. e4 e5 2. Nf3 Nc6 3. Bb5 f6 4. Nc3 Be7 5. Bc4 Nh6 6. Nh4 f5 7. Nxf5
Nxf5 8. exf5 d6 9. Qh5+ g6 10. fxg6 Nd4 11. g7+ Kd7 12. Qg4+ Kc6 13. Qe4+ Kd7
14. Ne2 Rg8 15. Nxd4 exd4 16. Qe6+ Kc6 17. Qxg8 Qxg8 18. Bxg8 Bf6 19. Bd5+ Kxd5
20. g8=Q+ Kc6 21. Qxh7 b6 22. d3 Ba6 23. Qe4+ d5 24. Qe6+ Kb7 25. Qxf6 Rc8 26.
O-O Kb8 27. Qxd4 Bb7 28. Be3 c5 29. Qf4+ Rc7 30. Rfe1 d4 31. Bxd4 cxd4 32. Re8+
Bc8 33. Rae1 Kb7 34. R1e7 Rxe7 35. Rxe7+ Ka6 36. Qe5 Bb7 37. a4 Bc6 38. b3 b5
39. axb5+ Bxb5 40. Qxd4 Bc6 41. c3 Bxg2 42. Qd6+ Bc6 43. Qxc6+ Ka5 44. Re5# 1-0

[Event "East Lansing (Beg/2/7)"]
[Site "?"]
[Date "1995.??.??"]
[Round "?"]
[White "Banks, David"]
[Black "Herron, D."]
[Result "1-0"]
[WhiteElo "1605"]
[BlackElo "1605"]
[PlyCount "61"]
[EventDate "1995.??.??"]

{2/(7)} 1. e4 e5 2. Nf3 Nc6 3. Bb5 Nf6 4. Bxc6 dxc6 5. Nxe5 Nxe4 6. Qe2 Bf5 7.
d3 Ng5 8. Nxc6+ Be7 9. Nxd8 Rxd8 10. Bxg5 O-O 11. Bxe7 Rfe8 12. Bxd8 Rxe2+ 13.
Kxe2 Kf8 14. Bxc7 Bd7 15. h3 Bc6 16. f3 Ke8 17. Kf2 Kd7 18. Bf4 f6 19. Nc3 g5
20. Be3 b5 21. Bxa7 b4 22. Ne4 Ba4 23. Nc5+ Kc7 24. Nxa4 Kb7 25. Bd4 f5 26.
Rae1 f4 27. Re6 h5 28. Nb6 Kc7 29. Re7+ Kd8 30. Rhe1 g4 31. Rd7# 1-0

[Event "Troy (US Am N/6/18)"]
[Site "?"]
[Date "1995.??.??"]
[Round "?"]
[White "Ball, Ed"]
[Black "West, Tony"]
[Result "1-0"]
[WhiteElo "1960"]
[BlackElo "1605"]
[PlyCount "75"]
[EventDate "1995.??.??"]

{6/(18)} 1. d4 Nf6 2. Nf3 e6 3. c4 c5 4. e3 Nc6 5. Nc3 Be7 6. Be2 O-O 7. d5 Re8
8. dxc6 bxc6 9. O-O d5 10. Qc2 Qc7 11. cxd5 cxd5 12. e4 d4 13. Nb5 Qb8 14. Bg5
a6 15. e5 axb5 16. exf6 gxf6 17. Bh4 Kh8 18. Qd2 Rg8 19. Bd3 Bb7 20. Bg3 e5 21.
Rfe1 Bxf3 22. gxf3 c4 23. Be4 Ra6 24. Kh1 Qf8 25. Rg1 Bb4 26. Qc1 c3 27. a3
cxb2 28. Qxb2 Bc3 29. Qxb5 Rxa3 30. Rxa3 Qxa3 31. Qd7 Qf8 32. Rb1 Qe8 33. Qf5
Rg6 34. Rb6 Kg7 35. Bh4 Qe7 36. Bxf6+ Rxf6 37. Qxh7+ Kf8 38. Qh8# 1-0

[Event "Troy (US Am N/1/15)"]
[Site "?"]
[Date "1995.??.??"]
[Round "?"]
[White "Ball, Ed"]
[Black "Vaughn, Gerald"]
[Result "1-0"]
[WhiteElo "1960"]
[BlackElo "1605"]
[PlyCount "79"]
[EventDate "1995.??.??"]

{1/(15)} 1. d4 d5 2. Nf3 Nf6 3. c4 c6 4. Nc3 Bf5 5. Qb3 dxc4 6. Qxb7 Nbd7 7.
Qxc6 Rc8 8. Qa4 Qb6 9. e3 Bd3 10. Bxd3 cxd3 11. Ne5 d2+ 12. Bxd2 Qxb2 13. Rb1
Qxb1+ 14. Nxb1 Rb8 15. Ke2 e6 16. Rc1 Bd6 17. Qxa7 Bxe5 18. dxe5 Ng4 19. Qxb8+
Nxb8 20. Rc8+ Kd7 21. Rxh8 Nc6 22. Rxh7 Ncxe5 23. Rxg7 Nf6 24. f4 Ne8 25. Rg8
Nf6 26. Ra8 Nc6 27. Na3 Ng4 28. h3 Nh6 29. g4 f6 30. Nc4 Nf7 31. Kf3 Nfd8 32.
h4 Ne7 33. Ra7+ Ke8 34. Nd6+ Kf8 35. Rd7 Ndc6 36. h5 Kg7 37. Bc3 e5 38. Nf5+
Kf7 39. Nxe7 Nxe7 40. Bb4 1-0

[Event "Troy (US Am N/4/23)"]
[Site "?"]
[Date "1995.??.??"]
[Round "?"]
[White "Ball, Ed"]
[Black "Barta, Roger"]
[Result "0-1"]
[WhiteElo "1960"]
[BlackElo "1605"]
[PlyCount "120"]
[EventDate "1995.??.??"]

{4/(23)} 1. d4 d5 2. Nf3 e6 3. c4 Nf6 4. Nc3 c6 5. Bf4 Nbd7 6. e3 dxc4 7. Bxc4
Nd5 8. O-O Nxf4 9. exf4 Nb6 10. Bb3 Nd5 11. Nxd5 exd5 12. Re1+ Be7 13. Qe2 Bg4
14. Qe5 f6 15. Qe3 Bxf3 16. Qxf3 O-O 17. Bc2 Bd6 18. Qh5 g6 19. Bxg6 hxg6 20.
Qxg6+ Kh8 21. Re3 Qd7 22. Rh3+ Qxh3 23. gxh3 Rg8 24. f5 Rxg6+ 25. fxg6 Re8 26.
h4 Kg7 27. h5 Kh6 28. Rd1 Kxh5 29. g7 Kh6 30. Rd3 Kxg7 31. Rb3 Re7 32. h3 f5
33. Kg2 Kf6 34. Kf3 f4 35. a4 Kf5 36. h4 Kg6 37. Kg4 Kf6 38. a5 Rg7+ 39. Kf3
Kf5 40. a6 b6 41. Rc3 c5 42. dxc5 Bxc5 43. Rc1 d4 44. Rd1 Rd7 45. h5 d3 46. h6
Be7 47. h7 Bf6 48. b4 Rxh7 49. Rxd3 Rh3+ 50. Ke2 Rxd3 51. Kxd3 f3 52. Ke3 Kg4
53. Ke4 Be7 54. b5 Bc5 55. Kd5 Bxf2 56. Kc6 Bc5 57. Kb7 f2 58. Kxa7 f1=Q 59.
Kb7 Qf7+ 60. Ka8 Qc7 0-1

[Event "Eastpointe (MCO/5/10)"]
[Site "?"]
[Date "1995.??.??"]
[Round "?"]
[White "Bailey, Greg"]
[Black "al-Shareef, Robert"]
[Result "1-0"]
[WhiteElo "2065"]
[BlackElo "1685"]
[PlyCount "59"]
[EventDate "1995.??.??"]

{5/(10)} 1. c4 Nf6 2. Nf3 c6 3. d4 d5 4. Nc3 dxc4 5. e3 b5 6. a4 a6 7. axb5
cxb5 8. Nxb5 Bb7 9. Nc3 e6 10. Bxc4 Bd6 11. b3 O-O 12. Ba3 Re8 13. Bxd6 Qxd6
14. h3 Nbd7 15. O-O Qb4 16. Na4 Red8 17. Qe2 Ne4 18. Rfc1 a5 19. Qe1 Qe7 20.
Nc3 Nd6 21. Be2 e5 22. d5 e4 23. Nd4 Qg5 24. Nc6 Rdc8 25. Nxa5 Bxd5 26. Nxd5
Rxc1 27. Rxc1 Qxd5 28. Rd1 Qc5 29. b4 Qc7 30. Qd2 1-0

[Event "East Lansing (MI Op/6/23)"]
[Site "?"]
[Date "1995.??.??"]
[Round "?"]
[White "Bailey, Greg"]
[Black "Zacks, Naum"]
[Result "1-0"]
[WhiteElo "2065"]
[BlackElo "1855"]
[PlyCount "51"]
[EventDate "1995.??.??"]

{6/(23)} 1. Nf3 d6 2. d4 g6 3. c4 Nf6 4. Nc3 Bg7 5. e4 O-O 6. Be2 c6 7. O-O
Nfd7 8. Bg5 h6 9. Be3 Na6 10. Qd2 Kh7 11. Rad1 Nf6 12. h3 Nh5 13. Nh2 Qa5 14.
a3 f5 15. exf5 Bxf5 16. g4 Nf6 17. gxf5 Qxf5 18. Bg4 Nxg4 19. hxg4 Qf7 20. f4
Nc7 21. Nf3 Qxc4 22. Qd3 Qb3 23. Rd2 Rad8 24. Nh4 Rf6 25. Rff2 Kh8 26. Nxg6+
1-0

[Event "East Lansing (MI Op/2/22)"]
[Site "?"]
[Date "1995.??.??"]
[Round "?"]
[White "Bailey, Greg"]
[Black "Wisckol, Richard"]
[Result "1/2-1/2"]
[WhiteElo "2065"]
[BlackElo "1895"]
[PlyCount "43"]
[EventDate "1995.??.??"]

1. Nf3 Nf6 2. c4 c6 3. d4 g6 4. Bf4 Bg7 5. Nc3 O-O 6. h3 d6 7. e3 Qa5 8. Bd3 d5
9. O-O dxc4 10. Bxc4 Nbd7 11. a3 c5 12. Nb5 Nb6 13. b4 cxb4 14. axb4 Qxb4 15.
Bd3 Nfd5 16. Bg3 Bd7 17. Nxa7 Ba4 18. Qb1 Rxa7 19. e4 Qxb1 20. Rfxb1 Rfa8 21.
exd5 Nxd5 22. Rb2 1/2-1/2

[Event "East Lansing (MEX/4/9)"]
[Site "?"]
[Date "1995.??.??"]
[Round "?"]
[White "Bailey, Greg"]
[Black "Rajlich, Vasik"]
[Result "0-1"]
[WhiteElo "2080"]
[BlackElo "2125"]
[PlyCount "124"]
[EventDate "1995.??.??"]

{4/(9)} 1. d4 d5 2. c4 e6 3. Nc3 c6 4. e4 dxe4 5. Nxe4 Bb4+ 6. Bd2 Qxd4 7. Bxb4
Qxe4+ 8. Be2 Na6 9. Qd2 Nxb4 10. Qxb4 Qxg2 11. Bf3 Qg5 12. Ne2 a5 13. Qc3 Qf6
14. Qd3 Qxb2 15. Rd1 Qb6 16. Rg1 g6 17. c5 Qc7 18. Qc3 f6 19. Rd6 a4 20. Rg4
Qa5 21. Rb4 Ne7 22. a3 O-O 23. Nd4 e5 24. Qc4+ Kg7 25. Ne6+ Bxe6 26. Qxe6 Nf5
27. Rd7+ Kh8 28. Kf1 Rab8 29. Rh4 Qb5+ 30. Be2 Qb1+ 31. Rd1 Qxd1+ 32. Bxd1 Nxh4
33. Bxa4 Ra8 34. Qc4 Nf3 35. Kg2 Nd4 36. Qb4 Nb5 37. Bxb5 cxb5 38. Qxb5 Rf7 39.
a4 Rc8 40. a5 Rc6 41. Qc4 Rfc7 42. Qd5 Rxc5 43. Qd6 Kg7 44. a6 bxa6 45. Qxa6
Rc2 46. Qe6 Rd2 47. Kg3 Rc3+ 48. f3 Rdd3 49. Qe7+ Kh6 50. Kg4 Rc4+ 51. Kg3 Rf4
52. Qf8+ Kh5 53. Qe7 Rdxf3+ 54. Kg2 h6 55. Qe6 e4 56. Qd5+ f5 57. h3 e3 58. h4
e2 59. Qe6 Rf2+ 60. Kg1 Rf1+ 61. Kg2 Rg4+ 62. Kh2 e1=Q 0-1

[Event "Detroit (MI Team/3/1/4)"]
[Site "?"]
[Date "1995.??.??"]
[Round "?"]
[White "Bailey, Greg"]
[Black "Munsell, T."]
[Result "1-0"]
[WhiteElo "2085"]
[BlackElo "1605"]
[PlyCount "89"]
[EventDate "1995.??.??"]

{3/1} 1. Nf3 d5 2. d4 Nf6 3. c4 c6 4. Nc3 Bg4 5. Ne5 Nbd7 6. Nxg4 Nxg4 7. cxd5
cxd5 8. Nxd5 Qa5+ 9. Nc3 e5 10. e3 exd4 11. exd4 Qf5 12. Qf3 Qxf3 13. gxf3 Ngf6
14. Be3 Bb4 15. a3 Ba5 16. O-O-O Rc8 17. Rd3 O-O 18. Bh3 Rc4 19. Kd2 Nb8 20. b4
Bc7 21. Nb5 Nd5 22. Nxa7 Nxe3 23. fxe3 Bb6 24. Nb5 Rfc8 25. Bxc8 Rxc8 26. Nd6
Rc6 27. Nxb7 Nd7 28. Nc5 Nf6 29. d5 Rd6 30. e4 Nh5 31. e5 Rd8 32. Ke3 g5 33.
Ke4 Nf4 34. Rd2 Kg7 35. d6 Kg6 36. d7 Bxc5 37. bxc5 f6 38. Rd6 Kf7 39. Rxf6+
Ke7 40. c6 Nd5 41. Kxd5 h5 42. Rd6 Ra8 43. Rc1 Ra5+ 44. Rc5 Rxa3 45. d8=Q+ 1-0

[Event "East Lansing (MEX/5/10)"]
[Site "?"]
[Date "1995.??.??"]
[Round "?"]
[White "Bailey, Greg"]
[Black "Moody, David"]
[Result "1-0"]
[WhiteElo "2080"]
[BlackElo "2000"]
[PlyCount "57"]
[EventDate "1995.??.??"]

{5/(10)} 1. d4 Nf6 2. c4 c5 3. d5 e6 4. Nc3 exd5 5. cxd5 d6 6. e4 g6 7. Bb5+
Nbd7 8. f4 a6 9. Bd3 b5 10. Nf3 Bg7 11. O-O O-O 12. h3 Re8 13. Re1 c4 14. Bc2
Nc5 15. e5 dxe5 16. fxe5 Nfd7 17. Be3 Rb8 18. Bd4 Qa5 19. e6 fxe6 20. Bxg7 Kxg7
21. Qd4+ Kg8 22. Qg4 Nf6 23. Qf4 Nfd7 24. Ng5 Rf8 25. Qh4 Nf6 26. dxe6 Rb7 27.
e7 Re8 28. Nxh7 Nxh7 29. Bxg6 1-0

[Event "Gaylord (NMO/1/3)"]
[Site "?"]
[Date "1995.??.??"]
[Round "?"]
[White "Bailey, Greg"]
[Black "McNamara, Ron"]
[Result "1-0"]
[WhiteElo "2065"]
[BlackElo "1605"]
[PlyCount "87"]
[EventDate "1995.??.??"]

{1/(3)} 1. Nf3 d5 2. b4 Bg4 3. e3 e5 4. b5 Nf6 5. Be2 e4 6. Nd4 Bxe2 7. Qxe2 g6
8. c4 c6 9. Nc3 Bg7 10. Ba3 a6 11. bxc6 bxc6 12. cxd5 Qa5 13. Bd6 cxd5 14. Rb1
Qd8 15. Rxb8 Rxb8 16. Bxb8 Qxb8 17. Qxa6 O-O 18. Qb5 Kh8 19. Qxb8 Rxb8 20. Ke2
Ra8 21. Ra1 Bf8 22. a4 Bb4 23. Ncb5 Nd7 24. Nc7 Ra5 25. Nc6 Rc5 26. Nxb4 Rxc7
27. Nxd5 Rc5 28. Nc3 Ra5 29. Nxe4 f5 30. Nc3 Kg7 31. d4 Kf6 32. Rb1 Ke6 33. Rb5
Ra6 34. a5 Kd6 35. Kd3 Kc7 36. Na4 Nb8 37. Nc5 Ra8 38. d5 Na6 39. Nxa6+ Rxa6
40. Kd4 h6 41. f3 Rd6 42. Rb6 Rxb6 43. axb6+ Kxb6 44. Ke5 1-0

[Event "Gaylord (NMO/3/6)"]
[Site "?"]
[Date "1995.??.??"]
[Round "?"]
[White "Bailey, Greg"]
[Black "Kreger, David"]
[Result "1-0"]
[WhiteElo "2065"]
[BlackElo "1620"]
[PlyCount "55"]
[EventDate "1995.??.??"]

{3/(6)} 1. d4 Nf6 2. c4 e6 3. a3 c5 4. d5 b5 5. dxe6 fxe6 6. cxb5 Qa5+ 7. Nc3
Nd5 8. Qb3 a6 9. e4 Nf6 10. Bd2 axb5 11. Bxb5 Qa7 12. Qxe6+ Kd8 13. Qc4 Na6 14.
e5 Nb4 15. Rc1 d5 16. Qe2 Bf5 17. axb4 cxb4 18. exf6 Bc5 19. Nxd5 Bxf2+ 20.
Qxf2 Qxf2+ 21. Kxf2 gxf6 22. Bxb4 Ra7 23. Nf3 Be4 24. Rhd1 Rd7 25. Bxd7 Bxf3
26. Kxf3 Kxd7 27. Nf4+ Ke8 28. Rc8+ 1-0

[Event "Eastpointe (MCO/3/12)"]
[Site "?"]
[Date "1995.??.??"]
[Round "?"]
[White "Bailey, Greg"]
[Black "Heritier, R."]
[Result "1-0"]
[WhiteElo "2065"]
[BlackElo "1695"]
[PlyCount "53"]
[EventDate "1995.??.??"]

{3/(12)} 1. Nf3 c5 2. c4 Nc6 3. Nc3 Nf6 4. g3 g6 5. Bg2 Bg7 6. d4 cxd4 7. Nxd4
O-O 8. O-O d6 9. Nxc6 bxc6 10. Bxc6 Rb8 11. Qd3 Nd7 12. Bxd7 Bxd7 13. b3 a5 14.
Rb1 Bc6 15. Bb2 e6 16. Rfd1 Qc8 17. Qxd6 Rb7 18. Qd3 Rd7 19. Qc2 Rfd8 20. Rxd7
Rxd7 21. Rd1 Qd8 22. Rxd7 Qxd7 23. Qd3 Qc8 24. Nd1 Bxb2 25. Nxb2 Qb7 26. Qd8+
Kg7 27. Qxa5 1-0

[Event "Eastpointe (MCO/1/9)"]
[Site "?"]
[Date "1995.??.??"]
[Round "?"]
[White "Bailey, Greg"]
[Black "Hartwig, Thomas"]
[Result "1-0"]
[WhiteElo "2065"]
[BlackElo "1605"]
[PlyCount "39"]
[EventDate "1995.??.??"]

{1/(9)} 1. Nf3 d5 2. b4 Nf6 3. e3 Bg4 4. Bb2 e6 5. c4 Bxf3 6. gxf3 Bxb4 7. Qb3
Nc6 8. a3 Bd6 9. Qxb7 Ne5 10. Bxe5 Bxe5 11. Qc6+ Ke7 12. d4 Bd6 13. c5 Rc8 14.
Ba6 Rb8 15. cxd6+ cxd6 16. Qa4 Qb6 17. Nd2 e5 18. Ke2 e4 19. Rab1 exf3+ 20.
Kxf3 1-0

[Event "Gaylord (NMO/5/3)"]
[Site "?"]
[Date "1995.??.??"]
[Round "?"]
[White "Bailey, Greg"]
[Black "Emke, Robert"]
[Result "1/2-1/2"]
[WhiteElo "2065"]
[BlackElo "1820"]
[PlyCount "123"]
[EventDate "1995.??.??"]

{5/(3)} 1. c4 e6 2. Nc3 d5 3. cxd5 exd5 4. d4 Nf6 5. Bg5 Be7 6. Qc2 c6 7. Nf3
h6 8. Bf4 Bd6 9. Bxd6 Qxd6 10. Ne5 Be6 11. e3 Nbd7 12. f4 Nb6 13. Bd3 O-O 14.
O-O Rac8 15. Rac1 Qe7 16. f5 Bd7 17. g4 c5 18. Qg2 Nh7 19. Rf3 cxd4 20. exd4
Qb4 21. Rf4 Nf6 22. Nxd7 Nbxd7 23. Rcf1 Nb6 24. h4 Qe7 25. R1f3 Qe1+ 26. Kh2
Qxh4+ 27. Rh3 Qg5 28. Qf3 Nh7 29. a4 a5 30. Rh5 Qd8 31. f6 Nxf6 32. Rxh6 gxh6
33. Rxf6 Kg7 34. Qf5 Qc7+ 35. Kg2 Rh8 36. Nb5 Qe7 37. Rxb6 Rc6 38. Rxc6 bxc6
39. Nc3 Qb4 40. Qe5+ Kg8 41. Qe8+ Kg7 42. Qxc6 Qxd4 43. Qxd5 Qxg4+ 44. Kf2 Qf4+
45. Qf3 Qh2+ 46. Qg2+ Qxg2+ 47. Kxg2 Rd8 48. Bb5 Rd2+ 49. Ne2 Rxb2 50. Kg3 Rd2
51. Nc1 Rc2 52. Nd3 Kf6 53. Kf4 Ke6 54. Ne5 Kd5 55. Ng4 Kc5 56. Nxh6 Kb4 57.
Ke3 Ra2 58. Nxf7 Rxa4 59. Bxa4 Kxa4 60. Kd4 Kb3 61. Nd6 a4 62. Nc4 1/2-1/2

[Event "East Lansing (MI Op/4/23)"]
[Site "?"]
[Date "1995.??.??"]
[Round "?"]
[White "Bailey, Greg"]
[Black "Brady, Lindell"]
[Result "1-0"]
[WhiteElo "2065"]
[BlackElo "1900"]
[PlyCount "63"]
[EventDate "1995.??.??"]

{4/(23)} 1. Nf3 Nf6 2. b4 d5 3. Bb2 e6 4. b5 c5 5. e3 Nbd7 6. c4 Be7 7. d4 O-O
8. Nc3 b6 9. dxc5 Nxc5 10. cxd5 exd5 11. Nd4 Bb7 12. Be2 Rc8 13. O-O Bd6 14.
Bf3 Nce4 15. Qd3 Nxc3 16. Bxc3 Bxh2+ 17. Kh1 Bb8 18. g3 Ne4 19. Be1 Qe7 20. Kg2
Qd7 21. Rh1 f5 22. Bb4 Rfe8 23. Rh5 Rc4 24. a3 g6 25. Rh4 h5 26. Bxh5 Qc7 27.
Nxf5 gxf5 28. Bxe8 Nxf2 29. Bf7+ Kg7 30. Rh7+ Kf6 31. Rh6+ Kg5 32. Rg6+ 1-0

[Event "Lansing (Mini-Swiss.3/1)"]
[Site "?"]
[Date "1995.??.??"]
[Round "?"]
[White "Bacon, K."]
[Black "Sellers, Matt"]
[Result "0-1"]
[WhiteElo "1605"]
[BlackElo "1605"]
[PlyCount "62"]
[EventDate "1995.??.??"]

{3/(1)} 1. e4 e5 2. Nf3 Nc6 3. d4 exd4 4. Nxd4 Nxd4 5. Qxd4 Nf6 6. Bd3 Be7 7.
O-O O-O 8. Nc3 c6 9. Bd2 d5 10. e5 Ne8 11. Kh1 Nc7 12. f4 Ne6 13. Qf2 Nc5 14.
Rad1 Nxd3 15. cxd3 Bf5 16. Bc1 f6 17. d4 fxe5 18. dxe5 Rf7 19. Be3 b6 20. Rg1
Be6 21. g4 c5 22. f5 d4 23. Qf3 Qc8 24. Bxd4 cxd4 25. Qe4 Bd7 26. Nd5 Bc6 27.
e6 Qb7 28. exf7+ Kxf7 29. Qe6+ Kf8 30. Rxd4 Bc5 31. Rc4 Bxd5+ 0-1

[Event "Lansing (Mini-Swiss.2/2)"]
[Site "?"]
[Date "1995.??.??"]
[Round "?"]
[White "Bacon, K."]
[Black "Saulmon, Scott"]
[Result "0-1"]
[WhiteElo "1605"]
[BlackElo "1730"]
[PlyCount "40"]
[EventDate "1995.??.??"]

{2/(2)} 1. c4 Nf6 2. Nc3 g6 3. b3 Bg7 4. Bb2 O-O 5. Nf3 d6 6. Rb1 e5 7. d3 c6
8. h3 Nbd7 9. e4 Nh5 10. Be2 Nf4 11. O-O Nf6 12. Qc2 N6h5 13. Bc1 f5 14. Kh2
fxe4 15. dxe4 Be6 16. Bd3 Nxh3 17. gxh3 Rxf3 18. Ne2 Rxh3+ 19. Kg2 Qh4 20. Rg1
Rh2+ 0-1

[Event "Lansing (Mini-Swiss.3/3)"]
[Site "?"]
[Date "1995.??.??"]
[Round "?"]
[White "Bacon, K."]
[Black "Gutierrez, J."]
[Result "0-1"]
[WhiteElo "1605"]
[BlackElo "1605"]
[PlyCount "40"]
[EventDate "1995.??.??"]

{3/(3)} 1. e4 e5 2. Nf3 Nc6 3. d4 exd4 4. Nxd4 Nxd4 5. Qxd4 d6 6. Bc4 Nf6 7.
O-O Be7 8. Nc3 c5 9. Qe3 O-O 10. Re1 Ng4 11. Qf4 Ne5 12. Be3 Nxc4 13. Rab1 Nxe3
14. Qxe3 Bf6 15. Nd5 Be6 16. Rbd1 Bxd5 17. Rxd5 Bxb2 18. c3 Qa5 19. c4 Bd4 20.
Qb3 Qxe1# 0-1

[Event "Ann Arbor (Mini-Swiss/3/5)"]
[Site "?"]
[Date "1995.??.??"]
[Round "?"]
[White "Bacon, B."]
[Black "Carlisle, S."]
[Result "0-1"]
[WhiteElo "1605"]
[BlackElo "1605"]
[PlyCount "66"]
[EventDate "1995.??.??"]

{3/(5)} 1. e4 e5 2. d4 exd4 3. c3 c5 4. Nf3 Nc6 5. Bc4 Nf6 6. O-O Be7 7. Re1
O-O 8. cxd4 cxd4 9. Nxd4 Nxd4 10. Qxd4 d6 11. b4 Be6 12. Bxe6 fxe6 13. Nd2 b6
14. Bb2 Rc8 15. e5 dxe5 16. Qxd8 Rcxd8 17. Nf3 e4 18. Ng5 Rd2 19. Bxf6 gxf6 20.
Nxe4 Rd4 21. a3 f5 22. Ng3 f4 23. Nf1 Rf5 24. Rxe6 Bf6 25. g3 Rd7 26. g4 Bxa1
27. gxf5 Rg7+ 28. Kh1 Bd4 29. Re4 Bxf2 30. h3 Rg1+ 31. Kh2 Rxf1 32. Rxf4 Bg1+
33. Kg3 Bh2+ 0-1

[Event "Grand Rapids (MI Am/2/23)"]
[Site "?"]
[Date "1995.??.??"]
[Round "?"]
[White "Atkins, R."]
[Black "Smeckert, Dennis"]
[Result "1-0"]
[WhiteElo "1605"]
[BlackElo "1605"]
[PlyCount "110"]
[EventDate "1995.??.??"]

{2/(23)} 1. e4 e5 2. Nf3 Nc6 3. c4 Nf6 4. Nc3 Bc5 5. h3 d6 6. a3 a6 7. b4 Ba7
8. Bb2 O-O 9. Be2 Nd4 10. O-O Be6 11. d3 Nxe2+ 12. Qxe2 g6 13. Rad1 Nh5 14. Bc1
Ng3 15. Qd2 Nxf1 16. Kxf1 f6 17. Qh6 Qd7 18. Bg5 Qg7 19. Bc1 Qxh6 20. Bxh6 Rf7
21. d4 Bxc4+ 22. Kg1 Be6 23. d5 Bd7 24. Rc1 Be8 25. Ne2 Re7 26. g4 g5 27. Ng3
Bg6 28. Kg2 Rc8 29. h4 gxh4 30. Nxh4 c6 31. Ngf5 Bxf5 32. Nxf5 Rd7 33. f4 Rcc7
34. fxe5 fxe5 35. Rf1 Rf7 36. Nxd6 Rxf1 37. Kxf1 cxd5 38. exd5 Rd7 39. Nc8 Bd4
40. Bg5 Kf7 41. d6 Bb2 42. a4 e4 43. Be7 Bd4 44. Ke2 e3 45. Bg5 b5 46. axb5
axb5 47. Bxe3 Bxe3 48. Kxe3 Ke6 49. Kf4 Rf7+ 50. Kg5 Rf8 51. Ne7 Kxd6 52. Nf5+
Kd5 53. Kh6 Rxf5 54. gxf5 Ke5 55. Kg5 h6+ 1-0

[Event "East Lansing (Beg/2/4)"]
[Site "?"]
[Date "1995.??.??"]
[Round "?"]
[White "Assem, N."]
[Black "Haidar, R."]
[Result "1-0"]
[WhiteElo "1605"]
[BlackElo "1605"]
[PlyCount "61"]
[EventDate "1995.??.??"]

{2/(4)} 1. e4 d6 2. d4 Nf6 3. Nc3 g6 4. Bg5 Nbd7 5. Nf3 Bg7 6. h3 O-O 7. Qd2 e6
8. e5 dxe5 9. dxe5 Nxe5 10. Nxe5 Qxd2+ 11. Kxd2 Rd8+ 12. Bd3 h6 13. Bh4 g5 14.
Bg3 Nh5 15. Bh2 f6 16. Ng4 f5 17. Ne3 b6 18. Rad1 Nf6 19. Kc1 Bb7 20. f3 Rd7
21. Bc4 Rad8 22. Bxe6+ Kh8 23. Bxd7 Nxd7 24. Bxc7 Re8 25. Nxf5 Bxc3 26. Rxd7
Bf6 27. Rhd1 Bc6 28. R7d6 g4 29. Rxf6 Bd7 30. Rxh6+ Kg8 31. Rxd7 1-0

[Event "East Lansing (Beg/5/1)"]
[Site "?"]
[Date "1995.??.??"]
[Round "?"]
[White "Assem, N."]
[Black "DeVries, B."]
[Result "1-0"]
[WhiteElo "1605"]
[BlackElo "1605"]
[PlyCount "61"]
[EventDate "1995.??.??"]

{5/(1)} 1. e4 e5 2. Nf3 Nc6 3. Bb5 Nf6 4. d3 d5 5. Nxe5 dxe4 6. Nxc6 bxc6 7.
Bxc6+ Bd7 8. Bxa8 Qxa8 9. O-O exd3 10. Qxd3 Bd6 11. h3 O-O 12. Nd2 Be5 13. Nf3
Bd6 14. Bg5 Nh5 15. Rad1 h6 16. Bc1 a6 17. c4 Nf4 18. Bxf4 Bxf4 19. Qxd7 Rb8
20. Rfe1 a5 21. Re7 Rf8 22. Rde1 Bd6 23. Re8 Qb7 24. Rxf8+ Bxf8 25. Ne5 Qa8 26.
Qxf7+ Kh8 27. Ng6+ Kh7 28. Nxf8+ Kh8 29. Re8 Qxe8 30. Qxe8 Kg8 31. Ne6+ 1-0